La seducción de un orden: las elites y la construcción de Chile en las polémicas culturales y políticas del siglo XIX

محفوظ في:
التفاصيل البيبلوغرافية
المؤلف الرئيسي: Stuven Vattier, Ana María (مؤلف)
التنسيق: كتاب
اللغة:الإسبانية
منشور في: Santiago, Chile Universiad Católica de Chile 2000
سلاسل:Investigaciones
الموضوعات:
الوسوم: إضافة وسم
لا توجد وسوم, كن أول من يضع وسما على هذه التسجيلة!

MARC

LEADER 00000nam a2200000 a 4500
001 UCM1801
003 CL-VaPUC
005 20240125113208.0
008 020412e20000000CL |||||||||||||||||spa|d
999 |c 300036  |d 300034 
040 |c Pontificia Universidad Católica de Valparaíso 
082 0 4 |a 306 STU 2000  |2 21 
100 0 |a Stuven Vattier, Ana María  |e author  |9 468674 
245 1 3 |a La seducción de un orden:  |b  las elites y la construcción de Chile en las polémicas culturales y políticas del siglo XIX 
260 |a Santiago, Chile  |b Universiad Católica de Chile  |c 2000 
300 |a 316 páginas 
490 0 |a Investigaciones 
583 |a last modification  |c 20020412 00:00:00  |k Rodrigo Vera 
650 0 |a Antropología cultural y social   |9 265143 
650 0 |a Historia de Chile   |y SIGLO 19  |9 322385 
852 |a BIBCUR 
942 |c BK  |2 ddc 
945 |d 20020412 00:00:00  |a cmena 
952 |0 0  |1 0  |2 ddc  |4 0  |6 306_000000000000000_STU_2000  |7 0  |8 A  |9 357313  |a BIBHIS  |b BIBHIS  |d 2019-11-21  |i 3800032  |l 12  |m 2  |o 306 STU 2000  |p 3800032  |r 2025-01-20  |s 2024-10-01  |t 1  |w 2019-11-21  |y BK  |k HIS